| 000 | 00442nam a22001577a 4500 | ||
|---|---|---|---|
| 020 | _a9781119665045 | ||
| 040 | _cNUST | ||
| 082 | _a620.103 MER | ||
| 100 |
_aMERIAM, J.L _913089 |
||
| 110 |
_aKRAIGE, L.G BOLTON, J.N _998786 |
||
| 245 |
_aMeriam's Engineering Mechanics-Statics: _bVolume-1 |
||
| 250 | _a9th Edition | ||
| 260 |
_aUK: _bWilley, _c2020. |
||
| 650 |
_aEngineering Mechanics: Statics.NUSTTB2022 _9102806 |
||
| 942 |
_2ddc _cBK |
||
| 999 |
_c591370 _d591370 |
||